Statistics for Countries that Border Italy

Click here to take the quiz!

General Stats

  • This quiz has been taken 153 times
  • The average score is 6 of 6

Answer Stats

Border Length (KM)Answer% Correct
488 kmFrance
98%
740 kmSwitzerland
98%
430 kmAustria
95%
39 kmSan Marino
95%
199 kmSlovenia
92%
3.2 kmVatican City
88%

Score Distribution

Percentile by Number Answered

Percent of People with Each Score

Your Score History

You have not taken this quiz